Тропы предков: сказания, поэмы, легенды

Bibliografske podrobnosti
Glavni avtor: Домнин А. М. Алексей Михайлович
Drugi avtorji: Осетров Е. Евгений (автор предисловия), Кадочников В. (иллюстратор)
Izvleček:К 50-летию со дня рождения.
Jezik:ruščina
Izdano: Пермь, Пермское книжное издательство, 1978
Teme:
Format: Knjiga
KOHA link:https://koha.lib.tpu.ru/cgi-bin/koha/opac-detail.pl?biblionumber=373590

MARC

LEADER 00000nam0a2200000 4500
001 373590
005 20231101050813.0
010 |b 20000 экз. 
035 |a (RuTPU)RU\TPU\retro\31020 
035 |a RU\TPU\book\272263 
090 |a 373590 
100 |a 20221216d1978 m y0rusy50 ca 
101 0 |a rus 
102 |a RU 
105 |a a z 010zy 
200 1 |a Тропы предков  |e сказания, поэмы, легенды  |f А. М. Домнин  |g авт. предисл. Е. Осетров ; худож. В. Кадочников 
210 |a Пермь  |c Пермское книжное издательство  |d 1978 
215 |a 260 с.  |c ил.  |d 13 см. 
300 |a К 50-летию со дня рождения. 
610 1 |a русская литература 
610 1 |a 20 век 
610 1 |a сказания 
610 1 |a легенды 
610 1 |a миниатюрные издания 
675 |a Р2  |v 3 
686 |a Ч611.68  |v LBC/SL-A  |2 rubbk 
700 1 |a Домнин  |b А. М.  |g Алексей Михайлович 
702 1 |a Осетров  |b Е.  |g Евгений  |4 080 
702 1 |a Кадочников  |b В.  |4 440 
801 1 |a RU  |b 63413507  |c 20140211 
801 2 |a RU  |b 63413507  |c 20221216  |g RCR 
942 |c BK